Statistiques concernant Consoles Nintendo

Cliquez ici pour prendre le quiz!

Statistiques générales

  • Ce quiz a été pris 16 112 fois
  • Le résultat moyen est 9 sur 12

Statistiques - réponses

anType de quizConsole% Correct
2017Salon et PortableSwitch
96%
2006SalonWii
92%
2004PortableNintendo DS
91%
1989PortableGame Boy
87%
1985SalonNintendo Entertainment System
83%
2012SalonWii U
83%
2011PortableNintendo 3DS
81%
2001SalonGameCube
74%
1996SalonNintendo 64
67%
1998PortableGame Boy Color
66%
1990SalonSuper Nintendo
63%
2001PortableGame Boy Advance
61%

Distribution des résultats

Percentile par nombre de réponses

% des personnes avec chaque résultat

Votre développement - résultats

Vous n’avez pas pris ce quiz